|
|
|
|
| LEADER |
00000cam a22000004a 4500 |
| 001 |
musev2_9841 |
| 003 |
MdBmJHUP |
| 005 |
20230905041124.0 |
| 006 |
m o d |
| 007 |
cr||||||||nn|n |
| 008 |
041019s2005 pau o 00 0 eng d |
| 010 |
|
|
|z 2004062087
|
| 020 |
|
|
|a 9781592133635
|
| 020 |
|
|
|z 9781592133611
|
| 020 |
|
|
|z 9781592133628
|
| 035 |
|
|
|a (OCoLC)166421081
|
| 040 |
|
|
|a MdBmJHUP
|c MdBmJHUP
|
| 043 |
|
|
|a e-ru---
|
| 050 |
0 |
4 |
|a JN6699.A15
|b G37 2005
|
| 082 |
0 |
|
|a 947.086
|2 22
|
| 100 |
1 |
|
|a Garcelon, Marc,
|d 1958-
|
| 245 |
1 |
0 |
|a Revolutionary Passage :
|b From Soviet To Post-Soviet Russia /
|c Marc Garcelon.
|
| 264 |
|
1 |
|a Philadelphia, PA :
|b Temple University Press,
|c 2005.
|
| 264 |
|
3 |
|a Baltimore, Md. :
|b Project MUSE,
|c 2012
|
| 264 |
|
4 |
|c ©2005.
|
| 300 |
|
|
|a 1 online resource (325 pages):
|b ill. ;
|
| 336 |
|
|
|a text
|b txt
|2 rdacontent
|
| 337 |
|
|
|a computer
|b c
|2 rdamedia
|
| 338 |
|
|
|a online resource
|b cr
|2 rdacarrier
|
| 504 |
|
|
|a Includes bibliographical references (p. 243-301) and index.
|
| 588 |
|
|
|a Description based on print version record.
|
| 650 |
|
0 |
|a Intellectuals
|z Soviet Union.
|
| 650 |
|
0 |
|a Democracy
|z Russia (Federation)
|
| 650 |
|
0 |
|a Perestroĭka.
|
| 650 |
|
0 |
|a Political culture
|z Soviet Union.
|
| 650 |
|
0 |
|a Political culture
|z Russia (Federation)
|
| 610 |
2 |
0 |
|a Demokraticheskai͡a Rossii͡a (Political party)
|
| 651 |
|
0 |
|a Russia (Federation)
|x Politics and government
|y 1991-
|
| 651 |
|
0 |
|a Soviet Union
|x Politics and government
|y 1985-1991.
|
| 651 |
|
0 |
|a Soviet Union
|x Intellectual life
|y 1970-1991.
|
| 655 |
|
7 |
|a Electronic books.
|2 local
|
| 710 |
2 |
|
|a Project Muse.
|e distributor
|
| 830 |
|
0 |
|a Book collections on Project MUSE.
|
| 856 |
4 |
0 |
|z Texto completo
|u https://projectmuse.uam.elogim.com/book/9841/
|
| 945 |
|
|
|a Project MUSE - Custom Collection
|
| 945 |
|
|
|a Project MUSE - Archive Complete Foundation
|
| 945 |
|
|
|a Project MUSE - Archive History Foundation
|